हयात जादू (Record no. 39845)

MARC details
000 -LEADER
fixed length control field 00440nam a2200169Ia 4500
008 - FIXED-LENGTH DATA ELEMENTS--GENERAL INFORMATION
fixed length control field 090123s9999 xx 000 0 und d
082 ## - DEWEY DECIMAL CLASSIFICATION NUMBER
Item number 1763
100 ## - MAIN ENTRY--PERSONAL NAME
Personal name इब्ने शफी
245 ## - TITLE STATEMENT
Title हयात जादू
250 ## - EDITION STATEMENT
Edition statement 0
300 ## - PHYSICAL DESCRIPTION
Extent 106
600 ## - SUBJECT ADDED ENTRY--PERSONAL NAME
Personal name इब्ने शफी
630 ## - SUBJECT ADDED ENTRY--UNIFORM TITLE
Uniform title हयात जादू
700 ## - ADDED ENTRY--PERSONAL NAME
Personal name इब्ने शफी
730 ## - ADDED ENTRY--UNIFORM TITLE
Uniform title हयात जादू
942 ## - ADDED ENTRY ELEMENTS (KOHA)
Koha item type Book
Holdings
Withdrawn status Lost status Damaged status Not for loan Home library Current library Date acquired Cost, normal purchase price Total Checkouts Full call number Barcode Date last seen Cost, replacement price Price effective from Koha item type
        Jawahar Wachalanalaya, Kalwa Jawahar Wachalanalaya, Kalwa 03/31/2002 0.75   1763 KLW-1763 01/23/2009 0.75 01/23/2009 Book